| 000 | 00451nam a22001937a 4500 | ||
|---|---|---|---|
| 003 | OSt | ||
| 005 | 20180116183053.0 | ||
| 008 | 160901b xxu||||| |||| 00| 0 eng d | ||
| 020 | _a0 | ||
| 040 | _c0 | ||
| 082 | _a338 NAQ 2005 | ||
| 100 | _aNaqi,Dr.S.M. | ||
| 245 |
_aEntrepreneurs _cDr.S.M.Naqi |
||
| 250 | _a5th ed. | ||
| 260 |
_aLahore _bNaqi Hyder & Associates _c2005 |
||
| 300 |
_a213 p. _bPB |
||
| 440 | _aEntrepreneurs | ||
| 942 |
_2ddc _cBK |
||
| 999 |
_c351707 _d351707 |
||